Представление документа в формате MARC21

Поле Инд. ПП Название Значение
Тип записи a
Библиографический уровень m
001 Контрольный номер RU/IS/BASE/314810353
005 Дата корректировки 20220620090704.7
040 a Служба первич. каталог. НБ ТвГУ
b Код языка каталог. rus
e Правила каталог. PSBO
041 0_ a Код языка текста rus
080 a Индекс УДК 165.731(075.8)
084 a Индекс другой классификации/Индекс ББК Ю3(0)6-63
090 a Полочн. индекс Ю3(0)
x Авторский знак Ш 95
100 1_ a Автор Шувалов Владимир Иванович
e Роль лиц Автор
245 10 a Заглавие Первый позитивизм как явление мировой теоретической мысли
b Продолж. заглавия учебное пособие для студентов-историков 5 курса
c Ответственность В. И. Шувалов ; Пензенский государственный педагогический университет им. В. Г. Белинского
260 a Место издания Пенза
b Издательство Пензенский государственный педагогический университет
c Дата издания 2008
300 a Объем 103 с.
b Иллюстрации/ тип воспроизводства портр.
504 a Библиография Библиогр. в конце тем
653 0_ a Ключевые слова История позитивизма
a Ключевые слова История философии
a Ключевые слова Позитивизм
a Ключевые слова Учебники для вузов
a Ключевые слова Философия позитивизма
852 41 i Расстановочный признак Проверка 2022
901 t Тип документа m
920 a Оператор Густ
a Оператор Семен
a Оператор Петр
930 a Новая/Ретро ретро
952 c Вид литературы К ру
954 a Дата поступления на обработку 20110119
e Дата перешифровки 20220214
954 a Дата поступления на обработку 20220620